Evaluación inicial de riesgos por puestos de trabajos en la empresa SERCONISA ubicada en Managua

Evalúa los riegos laborales a los que están expuestos los trabajadores, aplicando la metodología del ministerio de trabajo, a través de la dirección de higiene y seguridad, identifica los riesgos en las áreas de la empresa, estima los riesgos detectados, elabora matriz de riesgo correspondient...

Full description

Bibliographic Details
Main Authors: McCrea Sánchez, Stephan Moisés, Soto Martínez, María Regina, Arroliga Mendoza, Axell Jesús
Other Authors: Tutor: Silvestri Jirón, Pietro Marcelo
Format: Tesis Section = Libro
Language:Undetermined
Spanish
Published: Managua UNI 2020
Subjects:
LEADER 01450nam a2200289Ia 4500
008 240830s9999 xx 000 0 und d
040 |a BIBLIOTECA-RUPAP Mon 363.11 M478 
041 |a spa 
082 |a Mon 363.11 M478 
100 1 |a McCrea Sánchez, Stephan Moisés 
100 1 |b Soto Martínez, María Regina 
100 1 |c Arroliga Mendoza, Axell Jesús 
245 1 0 |a Evaluación inicial de riesgos por puestos de trabajos en la empresa SERCONISA ubicada en Managua 
260 |a Managua  |b UNI  |c 2020 
300 |a 377 p. :il. 
500 |a contiene anexos y CD. 
502 |a Tesis (Ingeniero Industrial)- UNI, 2020. 
520 3 |a Evalúa los riegos laborales a los que están expuestos los trabajadores, aplicando la metodología del ministerio de trabajo, a través de la dirección de higiene y seguridad, identifica los riesgos en las áreas de la empresa, estima los riesgos detectados, elabora matriz de riesgo correspondiente a las áreas y puestos de trabajo que constituyen la empresa, elabora un mapa de riesgos conforme a las áreas, propone un plan de acción para controlar los factores de riesgos. 
650 7 |a SALUD OCUPACIONAL- NICARAGUA 
650 7 |b SEGURIDAD INDUSTRIAL 
650 7 |c AMBIENTE DE TTRABAJO- MEDIDAS DE SEGURIDAD 
650 7 |d SALUD OCUPACIONAL 
650 7 |e ENFERMEDADES PROFESIONALES 
700 1 |a Tutor:  |b Silvestri Jirón, Pietro Marcelo 
942 |c BK  |2 ddc 
991 |a TESIS 
999 |c 15471